000 00382nam a2200145Ia 4500
008 230917s9999||||xx |||||||||||||| ||und||
040 _e63218
_aMAIN
041 _aEnglish
082 _a320.072 S73T
100 _aSargent, Lyman Tower
245 0 _aTechniques of political analysis: An introduction
260 _aBelmont
_bWadsworth
_c1970
300 _axiv, 103 p.
942 _cBK
999 _c105660
_d105660